AKLINDAN DÜŞÜNCELER GEÇEN ÇOCUK (Record no. 681321)
[ view plain ]
| 000 -LEADER | |
|---|---|
| sabit uzunluktaki kontrol alanı | 00276nam a2200097Ia 4500 |
| 001 - KONTROL NUMARASI | |
| kontrol alanı | 681321 |
| 005 - EN SON İŞLEMİN TARİH VE ZAMANI | |
| kontrol alanı | 20250826161357.0 |
| 008 - SABİT-UZUNLUKTA VERİ ÖĞELERİ--GENEL BİLGİ | |
| sabit uzunluktaki kontrol alanı | 250824s9999 xx 000 0 und d |
| 245 #0 - ESER / YAZAR | |
| ESER ADI | AKLINDAN DÜŞÜNCELER GEÇEN ÇOCUK |
| Yazar Adı | CHRİSTİNE NÖSTLİNGER |
| 260 ## - YAYIN, DAĞITIM, VB. | |
| YAYIN EVİ | GÜNIŞIĞI YAYINLARI |
No items available.